[Event "Stare Mesto op"]
[Site "Stare Mesto"]
[Date "2023.08.12"]
[Round "8"]
[White "Travnicek, Krystof Mikulas"]
[Black "Mostek, Jan"]
[Result "1-0"]
[WhiteElo "2154"]
[BlackElo "1955"]
[PlyCount "95"]
[EventDate "2023.08.05"]
[EventType "swiss"]
[EventRounds "9"]
[EventCountry "CZE"]
[SourceTitle "EXT 2024"]
[Source "ChessBase"]
[SourceDate "2023.10.10"]
[SourceVersion "1"]
[SourceVersionDate "2023.10.10"]
[SourceQuality "1"]

1. c4 e6 2. Nf3 d5 3. g3 Nf6 4. Bg2 c6 5. 0-0 Be7 6. d4 0-0 7. Qc2 Nbd7 8. Nbd2 b6 9. e4 dxc4 10. Nxc4 Ba6 11. Rd1 Rc8 12. b3 b5 13. Ne3 Bb7 14. Bb2 Qb6 15. a3 h6 16. b4 a5 17. Bc3 axb4 18. axb4 Ra8 19. Nd2 Rxa1 20. Rxa1 Ra8 21. Rxa8+ Bxa8 22. Qa2 Bb7 23. Nb3 Qa6 24. Qa5 Qb6 25. f4 Bc8 26. Kf2 Qxa5 27. Nxa5 Nb8 28. Ke2 Bd7 29. Bf3 Na6 30. Nc2 Kf8 31. Kd3 Ke8 32. Be1 Kd8 33. Kc3 Kc8 34. Bf2 Nc7 35. h3 h5 36. Nb3 Na6 37. Nc1 g6 38. Nd3 Be8 39. Ne5 Kc7 40. g4 hxg4 41. hxg4 Nd7 42. Nd3 Nb6 43. Bg3 Kc8 44. Ne3 Bf6 45. Nc2 Nc4 46. Nc5 Nxc5 47. bxc5 Bd8 48. Be1 1-0

[Event "Stare Mesto op"]
[Site "Stare Mesto"]
[Date "2023.08.08"]
[Round "4"]
[White "Blumel, Otto"]
[Black "Mostek, Jan"]
[Result "1/2-1/2"]
[WhiteElo "1879"]
[BlackElo "1955"]
[PlyCount "53"]
[EventDate "2023.08.05"]
[EventType "swiss"]
[EventRounds "9"]
[EventCountry "CZE"]
[SourceTitle "EXT 2024"]
[Source "ChessBase"]
[SourceDate "2023.10.10"]
[SourceVersion "1"]
[SourceVersionDate "2023.10.10"]
[SourceQuality "1"]

1. d4 d5 2. Nc3 Nf6 3. Bg5 Bf5 4. Bxf6 gxf6 5. e3 Rg8 6. Qd2 c6 7. Nge2 e6 8. Ng3 Bg6 9. h4 h6 10. h5 Bh7 11. Bd3 f5 12. Nce2 Bd6 13. 0-0-0 Nd7 14. c4 a5 15. c5 Be7 16. Kb1 b6 17. cxb6 Qxb6 18. Rc1 Bd6 19. Rhg1 Ke7 20. Nf1 Nf6 21. f3 Rab8 22. Rc2 c5 23. dxc5 Bxc5 24. g4 Bb4 25. Qc1 Rb7 26. gxf5 Rgb8 27. Nd4 1/2-1/2

[Event "Stare Mesto op"]
[Site "Stare Mesto"]
[Date "2023.08.07"]
[Round "3"]
[White "Mostek, Jan"]
[Black "Vavruska, Antonin"]
[Result "1-0"]
[WhiteElo "1955"]
[BlackElo "1887"]
[PlyCount "147"]
[EventDate "2023.08.05"]
[EventType "swiss"]
[EventRounds "9"]
[EventCountry "CZE"]
[SourceTitle "EXT 2024"]
[Source "ChessBase"]
[SourceDate "2023.10.10"]
[SourceVersion "1"]
[SourceVersionDate "2023.10.10"]
[SourceQuality "1"]

1. d4 e6 2. Bf4 c5 3. e3 Qb6 4. Nc3 a6 5. Na4 Qa5+ 6. c3 cxd4 7. b4 Qd8 8. Qxd4 Nc6 9. Qb6 e5 10. Qxd8+ Kxd8 11. Bg3 Kc7 12. 0-0-0 Nf6 13. Nf3 Ne4 14. Bd3 Nxg3 15. hxg3 d6 16. Nb2 h6 17. Bc4 Nd8 18. Rd2 Be7 19. Rhd1 Bg4 20. Be2 Be6 21. Nc4 e4 22. Nd4 d5 23. Nb2 Rc8 24. Kb1 Kb8 25. Rc1 Nc6 26. Nxe6 fxe6 27. Bg4 Nd8 28. a3 h5 29. Bd1 Nc6 30. Bb3 Bf6 31. c4 d4 32. c5 dxe3 33. fxe3 Ne5 34. Bxe6 Rce8 35. Bf5 Bg5 36. Re1 Ng4 37. Nc4 Nf6 38. Nd6 Re7 39. Rd4 h4 40. Bg6 h3 41. gxh3 Rxh3 42. Nf5 Rc7 43. Red1 Rh8 44. Rd8+ Rc8 45. Rxc8+ Rxc8 46. Nd6 Rd8 47. Re1 Bh6 48. Bxe4 Nxe4 49. Nxe4 Re8 50. Nd6 Rxe3 51. Rxe3 Bxe3 52. Nf5 Bf2 53. g4 g5 54. Kc2 b6 55. cxb6 Bxb6 56. Kd3 Kc7 57. Nd4 Kd6 58. Nf3 Bd8 59. Ke4 Ke6 60. Nd4+ Kd6 61. Nb3 Kc6 62. Nd4+ Kd6 63. Nf3 Ke6 64. Nd2 Bf6 65. Nb3 Kd6 66. Nc5 a5 67. Nb7+ Kc6 68. Nxa5+ Kb5 69. Kd5 Bb2 70. Nc4 Bc1 71. Nd6+ Ka4 72. b5 Be3 73. Nc4 Bf4 74. Kc6 1-0

[Event "Stare Mesto op"]
[Site "Stare Mesto"]
[Date "2023.08.06"]
[Round "2"]
[White "Bazantova, Marie"]
[Black "Mostek, Jan"]
[Result "1/2-1/2"]
[WhiteElo "1788"]
[BlackElo "1955"]
[PlyCount "49"]
[EventDate "2023.08.05"]
[EventType "swiss"]
[EventRounds "9"]
[EventCountry "CZE"]
[SourceTitle "EXT 2024"]
[Source "ChessBase"]
[SourceDate "2023.10.10"]
[SourceVersion "1"]
[SourceVersionDate "2023.10.10"]
[SourceQuality "1"]

1. e4 e6 2. d4 d5 3. exd5 exd5 4. Nf3 Nf6 5. Bd3 Bd6 6. Qe2+ Be6 7. c4 0-0 8. c5 Be7 9. h3 Nc6 10. Bd2 Re8 11. 0-0 Qc8 12. Be3 Nb4 13. Bb5 c6 14. a3 Na6 15. Bxa6 bxa6 16. Nc3 h6 17. Ne5 Bf5 18. g4 Bh7 19. b4 Nd7 20. f4 Nxe5 21. fxe5 f6 22. exf6 Bxf6 23. Qd2 Be4 24. Kh2 Qd8 25. Rae1 1/2-1/2

[Event "Stare Mesto op"]
[Site "Stare Mesto"]
[Date "2023.08.05"]
[Round "1"]
[White "Mostek, Jan"]
[Black "Cerveny, Martin"]
[Result "0-1"]
[WhiteElo "1955"]
[BlackElo "2400"]
[PlyCount "120"]
[EventDate "2023.08.05"]
[EventType "swiss"]
[EventRounds "9"]
[EventCountry "CZE"]
[SourceTitle "EXT 2024"]
[Source "ChessBase"]
[SourceDate "2023.10.10"]
[SourceVersion "1"]
[SourceVersionDate "2023.10.10"]
[SourceQuality "1"]

1. d4 Nf6 2. Nf3 d6 3. Bf4 Nbd7 4. e3 g6 5. Be2 Bg7 6. c3 0-0 7. 0-0 c5 8. h3 b6 9. Nbd2 Bb7 10. a4 a6 11. Qb3 Qc7 12. Bh2 h6 13. Nh4 Kh7 14. Bf3 Rac8 15. Bxb7 Qxb7 16. Nhf3 Qc6 17. Ra2 Kg8 18. Qc4 Qb7 19. Qb3 Rfe8 20. Rd1 cxd4 21. exd4 Qc6 22. Re1 e6 23. Raa1 Bf8 24. Qc2 b5 25. Ra2 Nb6 26. axb5 axb5 27. Ra6 Ra8 28. Rea1 Rxa6 29. Rxa6 Ra8 30. Rxa8 Qxa8 31. Bg3 Qa2 32. Qb1 Qd5 33. b3 Nh5 34. Qe4 Nxg3 35. fxg3 f5 36. Qxd5 Nxd5 37. Nb1 Bg7 38. Kf2 e5 39. Ke2 e4 40. Nfd2 b4 41. cxb4 Kf7 42. Nc4 Ke6 43. Nba3 Bxd4 44. Nc2 Ba7 45. b5 Nc3+ 46. Kd2 Nxb5 47. Nb4 d5 48. Ne3 d4 49. Nc4 Bb8 50. g4 Bf4+ 51. Ke1 d3 52. gxf5+ gxf5 53. Nd2 Bd6 54. Na2 e3 55. Nc4 Bg3+ 56. Kd1 e2+ 57. Kc1 e1Q+ 58. Kb2 Bh4 59. Nb6 Qd2+ 60. Kb1 Na3+ 0-1

[Event "Zlin Region-chT 2223"]
[Site "Czech Republic"]
[Date "2023.02.26"]
[Round "9.2"]
[White "Mostek, Jan"]
[Black "Kubiczek, Michal"]
[Result "1/2-1/2"]
[WhiteElo "1939"]
[BlackElo "1924"]
[PlyCount "161"]
[EventDate "2022.10.09"]
[EventType "team-tourn"]
[EventRounds "11"]
[EventCountry "CZE"]
[SourceTitle "EXT 2024"]
[Source "ChessBase"]
[SourceDate "2023.10.10"]
[SourceVersion "1"]
[SourceVersionDate "2023.10.10"]
[SourceQuality "1"]
[WhiteTeam "Vlcnov  II"]
[BlackTeam "Zlin Malenovice"]
[WhiteTeamCountry "CZE"]
[BlackTeamCountry "CZE"]

1. d4 Nf6 2. Nf3 c5 3. c3 d5 4. Bf4 Nc6 5. Nbd2 Qb6 6. Qb3 c4 7. Qc2 g6 8. e4 Na5 9. Ne5 Qa6 10. Be2 Bg7 11. Bg3 Nxe4 12. Nxe4 Bf5 13. Qa4+ b5 14. Nc5 Qb6 15. Qd1 f6 16. Nf3 e5 17. 0-0 Nc6 18. b4 a5 19. a3 a4 20. Re1 0-0-0 21. Bf1 e4 22. Nh4 Bd7 23. f3 f5 24. Bf2 Ne7 25. Nxd7 Rxd7 26. g4 Qf6 27. Qd2 Rf8 28. Bh3 Kb7 29. Ng2 exf3 30. g5 Qf7 31. Nf4 h6 32. Ne6 Rh8 33. Nc5+ Kc8 34. Nxd7 Kxd7 35. Bh4 hxg5 36. Bxg5 Bf6 37. Bf1 Ng8 38. Bxf6 Nxf6 39. Qf4 Qh7 40. h3 g5 41. Qe5 f2+ 42. Kxf2 Re8 43. Qxf6 Qh4+ 44. Kg2 Rxe1 45. Rxe1 Qxe1 46. Qxf5+ Kc6 47. Qf3 Qc1 48. Kg3 Qxa3 49. Bg2 Kc7 50. Kg4 Qc1 51. Qf7+ Kc8 52. Qe6+ Kc7 53. Qe7+ Kb8 54. Qd6+ Ka7 55. Qxd5 Qf4+ 56. Kh5 Qb8 57. Qd7+ Ka6 58. Qc6+ Ka7 59. Qd7+ Ka6 60. Qe6+ Ka7 61. Qf7+ Ka6 62. Qg6+ Ka7 63. Be4 a3 64. Bb1 Qh8+ 65. Kxg5 Qd8+ 66. Kg4 Qd7+ 67. Qf5 Qg7+ 68. Kf4 Qh6+ 69. Kf3 Qc1 70. Qc5+ Ka6 71. Qc6+ Ka7 72. Be4 Qf1+ 73. Kg4 Qd1+ 74. Bf3 Qg1+ 75. Kf5 Qb1+ 76. Ke5 Qe1+ 77. Kd6 Qg3+ 78. Kc5 Qb8 79. Qd7+ Ka6 80. Qc6+ Ka7 81. Qd7+ 1/2-1/2

[Event "Zlin Region-chT 2223"]
[Site "Czech Republic"]
[Date "2022.12.11"]
[Round "5.2"]
[White "Mostek, Jan"]
[Black "Vraj, Ondrej"]
[Result "1-0"]
[WhiteElo "1951"]
[BlackElo "1988"]
[PlyCount "39"]
[EventDate "2022.10.09"]
[EventType "team-tourn"]
[EventRounds "11"]
[EventCountry "CZE"]
[SourceTitle "EXT 2024"]
[Source "ChessBase"]
[SourceDate "2023.10.10"]
[SourceVersion "1"]
[SourceVersionDate "2023.10.10"]
[SourceQuality "1"]
[WhiteTeam "Vlcnov  II"]
[BlackTeam "Usti Sokol"]
[WhiteTeamCountry "CZE"]
[BlackTeamCountry "CZE"]

1. d4 d5 2. Bf4 Nf6 3. e3 e6 4. Nd2 Nbd7 5. Ngf3 Be7 6. Ne5 0-0 7. Bd3 c5 8. c3 Re8 9. h4 Nxe5 10. dxe5 Nd7 11. Qh5 Nf8 12. Nf3 a6 13. Bxh7+ Nxh7 14. Ng5 Bxg5 15. hxg5 Kf8 16. Qxh7 Ke7 17. g6 Kd7 18. gxf7 Rf8 19. Qxg7 Qe7 20. Rh7 1-0

[Event "Zlin Region-chT 2223"]
[Site "Czech Republic"]
[Date "2022.11.13"]
[Round "3.5"]
[White "Petrik, Petr"]
[Black "Mostek, Jan"]
[Result "1/2-1/2"]
[WhiteElo "2002"]
[BlackElo "1939"]
[PlyCount "152"]
[EventDate "2022.10.09"]
[EventType "team-tourn"]
[EventRounds "11"]
[EventCountry "CZE"]
[SourceTitle "EXT 2024"]
[Source "ChessBase"]
[SourceDate "2023.10.10"]
[SourceVersion "1"]
[SourceVersionDate "2023.10.10"]
[SourceQuality "1"]
[WhiteTeam "Kromeriz Slavia III"]
[BlackTeam "Vlcnov  II"]
[WhiteTeamCountry "CZE"]
[BlackTeamCountry "CZE"]

1. e4 e6 2. Qe2 Nf6 3. g3 d5 4. d3 Be7 5. Bg2 c5 6. Nf3 Nc6 7. 0-0 0-0 8. Nbd2 Qc7 9. Nb3 dxe4 10. dxe4 Rd8 11. c3 b6 12. e5 Nd7 13. Re1 Bb7 14. h4 a5 15. Bf4 Nf8 16. h5 h6 17. Rad1 a4 18. Nc1 Na5 19. c4 Nc6 20. Qe3 Nb4 21. Qc3 Rxd1 22. Rxd1 Rd8 23. Rd2 Nh7 24. a3 Nc6 25. Rxd8+ Qxd8 26. Qc2 Qa8 27. Ne1 Ng5 28. Bxg5 Bxg5 29. f4 Be7 30. Ne2 Nd4 31. Nxd4 cxd4 32. Bxb7 Qxb7 33. Qxa4 Qe4 34. Qd1 Qe3+ 35. Kg2 Qe4+ 36. Kh2 d3 37. Nxd3 Qxc4 38. Qd2 Qd4 39. Qe2 Qc4 40. Qd2 Qd4 41. Qc2 Qe4 42. Qd1 Qd4 43. Qf1 Qe4 44. b4 Qe3 45. Kg2 Qd2+ 46. Nf2 Qd5+ 47. Kg1 Qf3 48. Qd3 Qxh5 49. Kg2 g5 50. g4 Qg6 51. Qxg6+ fxg6 52. Nd3 gxf4 53. Nxf4 Kf7 54. Kf3 Bd8 55. a4 Bc7 56. Ke4 Bd8 57. b5 Bc7 58. Kd4 Bd8 59. Ke4 Bc7 60. Kd4 Bd8 61. Kd3 Bc7 62. Ke4 Bd8 63. Ng2 Bg5 64. Ne1 Bd2 65. Nc2 h5 66. gxh5 gxh5 67. Na3 Bb4 68. Nc4 Bc5 69. Kf4 Kg6 70. Nd2 h4 71. Kg4 h3 72. Nf3 Be3 73. Nh4+ Kh6 74. Nf3 Kg6 75. Nh4+ Kh6 76. Nf3 Kg6 1/2-1/2

[Event "CZE-chT2E 2122"]
[Site "Czech Republic"]
[Date "2022.03.20"]
[Round "10.6"]
[White "Mostek, Jan"]
[Black "Jelinek, Ota"]
[Result "1/2-1/2"]
[WhiteElo "1864"]
[BlackElo "2168"]
[PlyCount "43"]
[EventDate "2021.10.17"]
[EventType "team-tourn"]
[EventRounds "11"]
[EventCountry "CZE"]
[SourceTitle "EXT 2024"]
[Source "ChessBase"]
[SourceDate "2023.10.10"]
[SourceVersion "1"]
[SourceVersionDate "2023.10.10"]
[SourceQuality "1"]
[WhiteTeam "Borsice"]
[BlackTeam "Brno VSK Univ"]
[WhiteTeamCountry "CZE"]
[BlackTeamCountry "CZE"]

1. d4 f5 2. Nc3 d5 3. Bf4 Nf6 4. e3 c6 5. Nf3 e6 6. a3 g6 7. Bd3 Bg7 8. 0-0 0-0 9. Na4 Qe7 10. c4 dxc4 11. Be2 b5 12. Nc3 Bb7 13. b3 Nd5 14. Bg5 Qd7 15. Rc1 h6 16. Bh4 cxb3 17. Qxb3 a5 18. Bg3 Kh7 19. Nxd5 Qxd5 20. Bc4 a4 21. Bxd5 axb3 22. Bxb3 1/2-1/2

[Event "CZE-chT2E 2122"]
[Site "Czech Republic"]
[Date "2022.02.27"]
[Round "9.7"]
[White "Mostek, Jan"]
[Black "Mayer, Josef"]
[Result "1-0"]
[WhiteElo "1864"]
[BlackElo "1965"]
[PlyCount "99"]
[EventDate "2021.10.17"]
[EventType "team-tourn"]
[EventRounds "11"]
[EventCountry "CZE"]
[SourceTitle "EXT 2024"]
[Source "ChessBase"]
[SourceDate "2023.10.10"]
[SourceVersion "1"]
[SourceVersionDate "2023.10.10"]
[SourceQuality "1"]
[WhiteTeam "Borsice"]
[BlackTeam "Prusanky Podluzan"]
[WhiteTeamCountry "CZE"]
[BlackTeamCountry "CZE"]

1. d4 Nf6 2. Nf3 g6 3. Bg5 Bg7 4. Nbd2 0-0 5. c3 d6 6. e4 Qe8 7. Be2 h6 8. Bh4 e5 9. dxe5 dxe5 10. 0-0 Nbd7 11. Re1 Nc5 12. Qc2 Nh5 13. Nc4 Nf4 14. Bf1 Bg4 15. Nfd2 g5 16. f3 Bd7 17. Bf2 Qe7 18. b4 Nce6 19. Ne3 Qe8 20. a4 a5 21. g3 Ng6 22. b5 b6 23. Nf5 Rd8 24. Nb3 Bc8 25. Rad1 Bb7 26. c4 Rxd1 27. Rxd1 Ne7 28. Nxe7+ Qxe7 29. c5 Nd4 30. Nxd4 exd4 31. c6 Bc8 32. Bxd4 Qb4 33. Bxg7 Kxg7 34. Bc4 Kg8 35. Kg2 Qc5 36. Qd3 Qb4 37. Bb3 Kg7 38. Qd4+ Qxd4 39. Rxd4 Kf6 40. Kf2 Ke7 41. Ke3 f6 42. Rd1 Rd8 43. Rxd8 Kxd8 44. f4 Ke7 45. f5 g4 46. Bg8 Kd6 47. Kd4 Ke7 48. Kd5 h5 49. Bh7 Kf8 50. Bg6 1-0

[Event "CZE-chT2E 2122"]
[Site "Czech Republic"]
[Date "2021.12.19"]
[Round "5.6"]
[White "Dvoulety, Pavel"]
[Black "Mostek, Jan"]
[Result "0-1"]
[WhiteElo "2113"]
[BlackElo "1864"]
[PlyCount "86"]
[EventDate "2021.10.17"]
[EventType "team-tourn"]
[EventRounds "11"]
[EventCountry "CZE"]
[SourceTitle "EXT 2024"]
[Source "ChessBase"]
[SourceDate "2023.10.10"]
[SourceVersion "1"]
[SourceVersionDate "2023.10.10"]
[SourceQuality "1"]
[WhiteTeam "Stare Mesto II"]
[BlackTeam "Borsice"]
[WhiteTeamCountry "CZE"]
[BlackTeamCountry "CZE"]

1. e4 e6 2. d3 d5 3. Nd2 c5 4. Ngf3 Nc6 5. g3 Nf6 6. Bg2 Be7 7. 0-0 0-0 8. Re1 Qc7 9. Qe2 b5 10. e5 Nd7 11. Nf1 Nd4 12. Nxd4 cxd4 13. Bf4 Bb7 14. h4 Rfc8 15. Rec1 Qb6 16. Nh2 Rc6 17. h5 h6 18. Qg4 Kh8 19. Bxd5 exd5 20. Qxd7 Re6 21. a4 Bc6 22. a5 Qb8 23. Qxe6 fxe6 24. Nf3 Bd7 25. Nxd4 Qe8 26. g4 Qf8 27. Ne2 Bh4 28. Kg2 Qb4 29. Rab1 Rf8 30. c3 Qe7 31. Be3 Bc6 32. d4 Be8 33. b4 Qc7 34. Rh1 Be7 35. Rb2 Qc4 36. Rd1 Kh7 37. f3 Bh4 38. Rbd2 a6 39. Rh1 Be7 40. Rb1 Kg8 41. Kg3 Kh8 42. Kg2 Bf7 43. Rdb2 Qd3 0-1

[Event "Stare Mesto op"]
[Site "Stare Mesto"]
[Date "2021.08.15"]
[Round "3"]
[White "Babula, Vlastimil1111"]
[Black "Mostek, Jan"]
[Result "1-0"]
[WhiteElo "2167"]
[BlackElo "1898"]
[PlyCount "121"]
[EventDate "2021.08.13"]
[EventType "swiss"]
[EventRounds "9"]
[EventCountry "CZE"]
[SourceTitle "CBM 203 Extra"]
[Source "ChessBase"]
[SourceDate "2021.09.30"]
[SourceVersion "1"]
[SourceVersionDate "2021.09.30"]
[SourceQuality "1"]

1. e4 e6 2. d4 d5 3. Nc3 Bb4 4. e5 b6 5. Qg4 Bf8 6. Bg5 Qd7 7. a4 a5 8. h4 h6 9. Be3 Ba6 10. Bxa6 Nxa6 11. h5 c6 12. Qe2 Ne7 13. g4 c5 14. Nb5 Nc6 15. Nf3 Nc7 16. Nxc7+ Qxc7 17. c3 Be7 18. 0-0-0 c4 19. g5 Bf8 20. g6 Rb8 21. Qc2 b5 22. axb5 Rxb5 23. Kd2 Qb7 24. gxf7+ Qxf7 25. Ke2 Be7 26. Rdg1 Rf8 27. Rh3 Qf5 28. Qxf5 Rxb2+ 29. Nd2 exf5 30. Rg6 Kd7 31. Bf4 a4 32. e6+ Ke8 33. Rxg7 Rf6 34. Rg8+ Bf8 35. Re3 Ne7 36. Rg1 Rb6 37. Ra1 Rfxe6 38. Rxa4 Rxe3+ 39. Kxe3 Bg7 40. Ra8+ Kf7 41. Be5 Bxe5 42. dxe5 Ke6 43. Rh8 Kf7 44. Nf3 Rb3 45. Rh7+ Kf8 46. Kd4 f4 47. e6 Rb2 48. Ne5 Rd2+ 49. Kc5 d4 50. Nd7+ Ke8 51. Rh8+ Ng8 52. Rxg8+ Ke7 53. Kxc4 dxc3 54. Kxc3 Rxf2 55. Rg6 Re2 56. Nc5 f3 57. Kd4 f2 58. Rg7+ Kf6 59. Rf7+ Kg5 60. Ne4+ Kxh5 61. Ng3+ 1-0

[Event "Stare Mesto op"]
[Site "Stare Mesto"]
[Date "2019.08.25"]
[Round "9"]
[White "Mostek, Jan"]
[Black "Hanak, Tomas"]
[Result "1-0"]
[WhiteElo "1855"]
[BlackElo "1970"]
[PlyCount "79"]
[EventDate "2019.08.17"]
[EventType "swiss"]
[EventRounds "9"]
[EventCountry "CZE"]
[SourceTitle "EXT 2020"]
[Source "ChessBase"]
[SourceDate "2019.10.17"]
[SourceVersion "1"]
[SourceVersionDate "2019.10.17"]
[SourceQuality "1"]

1. d4 d5 2. Bf4 Nf6 3. e3 e6 4. Nd2 Bd6 5. Bg3 c5 6. c3 Qc7 7. Ngf3 Nbd7 8. Bd3 b6 9. 0-0 Bxg3 10. hxg3 Bb7 11. Qe2 0-0 12. Rfe1 Rfd8 13. g4 e5 14. g5 e4 15. gxf6 Nxf6 16. Ne5 exd3 17. Qxd3 Ne4 18. Nxe4 dxe4 19. Qe2 f6 20. Ng4 Rac8 21. Rac1 cxd4 22. exd4 Qf4 23. Ne3 f5 24. Qb5 g6 25. a4 Qc7 26. a5 h5 27. axb6 axb6 28. Qb3+ Kh7 29. g3 h4 30. Kg2 Kg7 31. Rh1 f4 32. gxf4 Qxf4 33. Qe6 Qf3+ 34. Kg1 Rf8 35. Qe7+ Rf7 36. Qxh4 Rcf8 37. Ng4 Qxh1+ 38. Qxh1 e3 39. Qh6+ Kg8 40. Qxe3 1-0

[Event "Stare Mesto op"]
[Site "Stare Mesto"]
[Date "2019.08.24"]
[Round "8"]
[White "Uricar, Zdenek"]
[Black "Mostek, Jan"]
[Result "1/2-1/2"]
[WhiteElo "1933"]
[BlackElo "1855"]
[PlyCount "78"]
[EventDate "2019.08.17"]
[EventType "swiss"]
[EventRounds "9"]
[EventCountry "CZE"]
[SourceTitle "EXT 2020"]
[Source "ChessBase"]
[SourceDate "2019.10.17"]
[SourceVersion "1"]
[SourceVersionDate "2019.10.17"]
[SourceQuality "1"]

1. d4 e6 2. c4 d5 3. Nc3 Nf6 4. Bg5 Be7 5. e3 Nbd7 6. Nf3 h6 7. Bh4 0-0 8. Rc1 c5 9. Bd3 dxc4 10. Bxc4 a6 11. a4 cxd4 12. exd4 Nb6 13. Bd3 Nbd5 14. 0-0 Bd7 15. Ne5 Bc6 16. Nxc6 bxc6 17. Bg3 Qb6 18. Qe2 Nb4 19. Bb1 Qxd4 20. Rfd1 Qb6 21. Ne4 Rfd8 22. Nxf6+ Bxf6 23. Be4 Rxd1+ 24. Rxd1 Rd8 25. Rxd8+ Qxd8 26. h3 Qd4 27. b3 g6 28. Qc4 Qxc4 29. bxc4 Bd4 30. Bf4 Kg7 31. Bd2 a5 32. Kf1 c5 33. Ke2 f5 34. Bb7 g5 35. g4 Kf6 36. f4 e5 37. fxe5+ Kxe5 38. gxf5 Kxf5 39. Kf3 Ke5 1/2-1/2

[Event "Stare Mesto op"]
[Site "Stare Mesto"]
[Date "2019.08.21"]
[Round "5"]
[White "Nytra, Ondrej"]
[Black "Mostek, Jan"]
[Result "1-0"]
[WhiteElo "2016"]
[BlackElo "1855"]
[PlyCount "113"]
[EventDate "2019.08.17"]
[EventType "swiss"]
[EventRounds "9"]
[EventCountry "CZE"]
[SourceTitle "EXT 2020"]
[Source "ChessBase"]
[SourceDate "2019.10.17"]
[SourceVersion "1"]
[SourceVersionDate "2019.10.17"]
[SourceQuality "1"]

1. e4 e6 2. d4 d5 3. e5 c5 4. c3 Nc6 5. Nf3 Bd7 6. a3 c4 7. Nbd2 Na5 8. Be2 Bc6 9. 0-0 Qd7 10. b3 Nxb3 11. Nxb3 Ba4 12. Nfd2 Be7 13. Qc2 cxb3 14. Nxb3 Nh6 15. Rb1 b6 16. Qd3 Rc8 17. Nd2 Nf5 18. g4 Nh4 19. Qg3 0-0 20. f4 Qc6 21. Bb2 f5 22. exf6 Bxf6 23. Qh3 Be7 24. Rf2 Bb5 25. Bxb5 Qxb5 26. Qe3 Qd7 27. Re1 Bd6 28. Ref1 Rce8 29. c4 Qc7 30. cxd5 exd5 31. Qb3 Qf7 32. a4 Kh8 33. Ba3 Bxa3 34. Qxa3 Qe7 35. Qh3 Rc8 36. f5 Qg5 37. a5 Rc2 38. Ne4 dxe4 39. Rxc2 Nf3+ 40. Kh1 bxa5 41. Re2 Rd8 42. Ra1 Qf4 43. Qg3 Qxg3 44. hxg3 Rxd4 45. Rxa5 h6 46. Rxa7 Ne5 47. g5 Rd1+ 48. Kg2 hxg5 49. Rxe4 Rd2+ 50. Kh3 Nd3 51. Re8+ Kh7 52. Kg4 Nf2+ 53. Kh5 Rd6 54. Raa8 g6+ 55. fxg6+ Kg7 56. Ra7+ Kf6 57. Rf7# 1-0

[Event "Stare Mesto op"]
[Site "Stare Mesto"]
[Date "2019.08.19"]
[Round "3"]
[White "Paulus, Vaclav"]
[Black "Mostek, Jan"]
[Result "1/2-1/2"]
[WhiteElo "1963"]
[BlackElo "1855"]
[PlyCount "116"]
[EventDate "2019.08.17"]
[EventType "swiss"]
[EventRounds "9"]
[EventCountry "CZE"]
[SourceTitle "EXT 2020"]
[Source "ChessBase"]
[SourceDate "2019.10.17"]
[SourceVersion "1"]
[SourceVersionDate "2019.10.17"]
[SourceQuality "1"]

1. d4 e6 2. Nf3 Nf6 3. g3 d5 4. Bg2 Be7 5. c4 dxc4 6. Ne5 0-0 7. 0-0 Nbd7 8. Nxc4 Rb8 9. Nc3 a6 10. e4 b6 11. e5 Ne8 12. f4 Bb7 13. Bxb7 Rxb7 14. Qf3 Qa8 15. f5 Ra7 16. d5 b5 17. fxe6 fxe6 18. Qg4 Rxf1+ 19. Kxf1 Nf8 20. Ne3 b4 21. Ne2 exd5 22. Nf5 c5 23. Nf4 Kh8 24. a3 Qb8 25. Nxd5 Bd8 26. Bf4 Qb5+ 27. Kg1 bxa3 28. Rxa3 c4 29. Nfe3 Bb6 30. Qc8 Qxd5 31. Qxe8 Bxe3+ 32. Rxe3 Qf7 33. Qxf7 Rxf7 34. Rc3 Kg8 35. Rxc4 Ne6 36. Rc8+ Rf8 37. Rxf8+ Kxf8 38. Kf2 Kf7 39. Ke2 Kg6 40. Kd3 Kf5 41. h4 h6 42. h5 g5 43. hxg6 Kxg6 44. Ke4 h5 45. Kd5 Kf5 46. Bd2 Nc7+ 47. Kc6 Ne6 48. Kd6 Nd8 49. Bc3 Ne6 50. b4 Ng5 51. Kc6 Ne4 52. Bd4 Nxg3 53. Kd7 Ke4 54. e6 Nf5 55. Bf6 Kd5 56. Be7 Nd4 57. Kc7 Kxe6 58. Bc5 Nc2 1/2-1/2

[Event "Stare Mesto op"]
[Site "Stare Mesto"]
[Date "2019.08.17"]
[Round "1"]
[White "Husek, Martin"]
[Black "Mostek, Jan"]
[Result "1-0"]
[WhiteElo "2182"]
[BlackElo "1855"]
[PlyCount "121"]
[EventDate "2019.08.17"]
[EventType "swiss"]
[EventRounds "9"]
[EventCountry "CZE"]
[SourceTitle "EXT 2020"]
[Source "ChessBase"]
[SourceDate "2019.10.17"]
[SourceVersion "1"]
[SourceVersionDate "2019.10.17"]
[SourceQuality "1"]

1. e4 e6 2. d4 d5 3. Nd2 a6 4. Ngf3 c5 5. exd5 exd5 6. Be2 Nf6 7. 0-0 Nc6 8. Re1 Be7 9. dxc5 0-0 10. Nb3 Qc7 11. c3 Bg4 12. h3 Bh5 13. Be3 Rad8 14. Nfd4 Bg6 15. Nxc6 Qxc6 16. Nd4 Qc7 17. b4 Ne4 18. Rc1 Bf6 19. Qa4 Rfe8 20. c6 bxc6 21. Qxc6 Qe5 22. Nf3 Qe7 23. Bxa6 Rd6 24. Qa4 Nxc3 25. Rxc3 Bxc3 26. Bd2 Re6 27. Rxe6 Qxe6 28. Bxc3 Be4 29. Ng5 Qe7 30. Nxe4 dxe4 31. Bd4 Rd8 32. Be3 Qe5 33. b5 f5 34. Qc4+ Kh8 35. g3 h5 36. Qf7 Rd1+ 37. Kg2 Qa1 38. Qf8+ Kh7 39. Qxf5+ Kg8 40. Qe6+ Kh7 41. Qxe4+ Kh8 42. Qe8+ Kh7 43. Qxh5+ Kg8 44. Qe8+ Kh7 45. Qe4+ Kh8 46. Qh4+ Kg8 47. b6 Rg1+ 48. Kf3 Qd1+ 49. Be2 Qd5+ 50. Qe4 Qh5+ 51. Qg4 Qd5+ 52. Kf4 Qd6+ 53. Ke4 Qe7+ 54. Kd5 Qd8+ 55. Kc6 Qe8+ 56. Qd7 Qg6+ 57. Kb7 Qe4+ 58. Qc6 Qe7+ 59. Qc7 Qe4+ 60. Kb8 Rb1 61. Qc4+ 1-0

[Event "CZE-chT2E 1819"]
[Site "Czech Republic"]
[Date "2018.11.18"]
[Round "3.8"]
[White "Chladek, Vlastimil"]
[Black "Mostek, Jan"]
[Result "1/2-1/2"]
[WhiteElo "2015"]
[BlackElo "1864"]
[PlyCount "33"]
[EventDate "2018.10.14"]
[EventType "team-tourn"]
[EventRounds "11"]
[EventCountry "CZE"]
[SourceTitle "EXT 2022"]
[Source "ChessBase"]
[SourceDate "2021.10.06"]
[SourceVersion "1"]
[SourceVersionDate "2021.10.06"]
[SourceQuality "1"]
[WhiteTeam "Lipovec Garde"]
[BlackTeam "Vlcnov"]
[WhiteTeamCountry "CZE"]
[BlackTeamCountry "CZE"]

1. c4 e5 2. g3 Nf6 3. Bg2 d5 4. cxd5 Nxd5 5. d3 Nc6 6. Nf3 Be7 7. Nc3 Nb6 8. 0-0 0-0 9. a3 Be6 10. b4 a5 11. b5 Nd4 12. Nd2 Qc8 13. e3 Nf5 14. Bb2 Nd6 15. Re1 a4 16. Nde4 Nxe4 17. Nxe4 1/2-1/2

[Event "Vsetin op 43rd"]
[Site "Vsetin"]
[Date "2018.07.11"]
[Round "9"]
[White "Pycha, Patrik"]
[Black "Mostek, Jan"]
[Result "1/2-1/2"]
[WhiteElo "2097"]
[BlackElo "1810"]
[PlyCount "47"]
[EventDate "2018.07.04"]
[EventType "swiss"]
[EventRounds "9"]
[EventCountry "CZE"]
[SourceTitle "CBM 185 Extra"]
[Source "ChessBase"]
[SourceDate "2018.07.29"]
[SourceVersion "1"]
[SourceVersionDate "2018.07.29"]
[SourceQuality "1"]

1. e4 e6 2. d4 d5 3. Nc3 Bb4 4. e5 c5 5. a3 Ba5 6. Bd2 cxd4 7. Nb5 Nc6 8. Nf3 Nge7 9. Nbxd4 Bd7 10. Bxa5 Qxa5+ 11. c3 Ng6 12. Nxc6 Bxc6 13. Qd4 Rc8 14. Bd3 Bb5 15. 0-0 Bxd3 16. Qxd3 0-0 17. Qe3 Qc5 18. Nd4 Ne7 19. Rac1 Nc6 20. Nxc6 Rxc6 21. Qd3 Rfc8 22. Rcd1 Qc4 23. Qd4 Rb6 24. Qxc4 1/2-1/2